Finish That Insult: Harry Potter Quiz Stats

Quiz Updated Nov 8, 2017

Challenge
Share
Tweet
Embed
Score 0/20 Timer 07:00
2 Plays Today
% Correct
an insufferable know-it-all.
94.9%
it danced naked in front of him wearing Dobby’s tea cozy.
94.6%
most insensitive wart I have ever had the misfortune to meet.
94.5%
All you have to do is point and grunt.
94.4%
you'd be poorer than Weasley, and that's saying something.
93.7%
all the sensitivity of a blunt axe.
93.6%
of you, Malfoy.
93.6%
I mean – they were very fashionable in about eighteen ninety…
93.1%
They got in on pure talent.
93%
you'd be going backwards.
93%
% Correct
I suppose you and your brothers have to save up, twig by twig.
92.2%
doesn't mean we all have.
92%
Then it could catch the Snitch for you.
91.6%
aren't you, Malfoy?
90.9%
Then she ran off with a wastrel and here's the result right in front of us.
90.2%
but she wastes her time, in the main, on the self-flattering nonsense humans call fortune-telling.
90.2%
if they don't even pay you well for it?
89.8%
that an idiot like that ever became a professor.
89.4%
and it is not up to you to find out what the Dark Lord is saying to his Death Eaters.
86.5%
He too was exceedingly arrogant.
84.5%

You're not logged in!

Compare scores with friends on all Sporcle quizzes.
Sign Up with Email
OR
Log In

You Might Also Like...

Show Comments

Extras

Top Quizzes Today


Score Distribution

Your Account Isn't Verified!

In order to create a playlist on Sporcle, you need to verify the email address you used during registration. Go to your Sporcle Settings to finish the process.